Statistiques concernant harry potter

Cliquez ici pour prendre le quiz!

Statistiques générales

  • Ce quiz a été pris 3 312 fois
  • Le résultat moyen est 31 sur 53

Statistiques - réponses

HintRéponse% Correct
Le cheminde Traverse
96%
Le ministèrede la magie
95%
L'école de sorcelleriePoudlard
93%
La chambredes secrets
91%
Pré-au-Lard
91%
La forêtinterdite
90%
Le chaudronbaveur
81%
La prisond'Azkaban
80%
La cabanehurlante
80%
La sallesur demande
80%
4privet drive
76%
Le terrain deQuidditch
74%
le vifd'or
73%
La tourd'astronomie
72%
Allée desEmbrumes
71%
L'Ordre duPhénix
71%
La salle de bain despréfets
71%
Le quai9 3/4
70%
Les TroisBalais
70%
La cabane deHagrid
70%
Barjow etbeurk
67%
La BanqueGringotts
67%
Le choixpeaumagique
67%
La Tête deSanglier
65%
Le placard sousl'escalier
64%
La carte duMaraudeur
63%
La baguette desureau
62%
Godric'sHollow
61%
Zonko, magasin defarces et attrapes
59%
Éclair defeu
58%
La poudre decheminette
57%
L'Hôpital Ste-Mangouste
57%
Les toilettes deMimi Geignarde
56%
Chaumières auxcoquillages
49%
12 squareGrimmaurd
49%
Les reliquesde la mort
46%
L'armoire àdisparaître
46%
Le diadème deRowena Serdaigle
45%
Weasley & Weasley, farces poursorciers facétieux
45%
Sang-de-bourbe
44%
AdavaKedavra
44%
La coupe deHelga Poufsouffle
40%
Le médaillon deSalazar Serpentard
40%
L'épée deGodric Gryffondor
36%
Le tournois destrois sorciers
36%
La Gazettedu Sorcier
34%
L'armée deDumbledore
30%
La bièreau beurre
29%
Le saulecogneur
25%
Les dragées surprises deBertie Crochue
24%
Le miroir duRised
23%
l'OrphelinatWool
18%
Salon de thé de MadamePieddodu
17%

Distribution des résultats

Percentile par nombre de réponses

% des personnes avec chaque résultat

Votre développement - résultats

Vous n’avez pas pris ce quiz